[Event "45th Olympiad 2024"]
[Site "Budapest HUN"]
[Date "2024.09.16"]
[Round "6.58"]
[Board "1"]
[White "Giron, Jorge Ernesto"]
[Black "Blackman, Justin"]
[Result "0-1"]
[WhiteElo "2276"]
[BlackElo "2265"]
[PlyCount "110"]
[EventDate "2024.09.11"]
[WhiteTeam "El Salvador"]
[BlackTeam "Barbados"]
[WhiteTeamCountry "ESA"]
[BlackTeamCountry "BAR"]

1. e4 c5 2. Nf3 d6 3. d4 cxd4 4. Nxd4 Nf6 5. Nc3 a6 6. Be3 e5 7. Nb3 Be7 8. f3 Be6 9. Qd2 h5 10. O-O-O Nbd7 11. Kb1 Rc8 12. Bd3 b5 13. h3 h4 14. f4 Nb6 ({RR} 14... Qc7 15. Rhe1 Nb6 16. Bxb6 Qxb6 17. Nd5 Bxd5 18. exd5 Rh5 19. fxe5 dxe5 20. Be2 Rf5 21. Bf3 Rd8 22. Qe2 Qc7 23. Rd3 Kf8 24. Rc3 Qd7 25. Re3 Bd6 26. Nd2 Rf4 {½-½ Kramnik,V (2807)-Anand,V (2753) Amber-blindfold 12th rapid 2003 (6)}) 15. Qf2 ({RR} 15. Bxb6 Qxb6 16. Nd5 Bxd5 17. exd5 e4 18. Be2 O-O 19. Qd4 Qxd4 20. Nxd4 Rc5 21. Nf5 Re8 22. Ne3 Bd8 23. c4 Bb6 24. Nf5 bxc4 25. Nxd6 Rb8 26. Nxc4 Nxd5 27. Rd4 Bc7 28. Ka1 Nxf4 29. Bg4 g6 {0-1 George Micheal,K (2259)-Popov,K (2386) Titled Tue 11th Jun Early 2024 (1)}) 15... Nbd7 $146 ({RR} 15... Nfd7 16. fxe5 dxe5 17. Nd5 Nc4 18. Bc1 a5 19. Rhf1 a4 20. Nd2 Bc5 21. Qf3 Bd4 22. c3 Ba7 23. Nxc4 bxc4 24. Bc2 a3 25. Ba4 O-O 26. Qh5 Rb8 27. Bxd7 Bxd7 28. Bg5 Rxb2+ 29. Ka1 f6 30. Bxf6 {1-0 Ali Marandi,C (2371)-Golichenko,I (2451) Lvov Vasylyshyn Memorial GM 10th 2013 (3)}) ({RR} 15... Nfd7 16. f5 Bc4 17. Bxc4 Rxc4 18. Rd3 b4 19. Nd5 Nxd5 20. exd5 Nf6 21. Nd2 Rc8 22. Bg5 Nd7 23. Bxe7 Qxe7 24. g4 hxg3 25. Rxg3 Rh7 26. a4 Nf6 27. Qg2 Qd7 28. Ne4 Ke7 29. b3 Qxf5 30. Ng5 {1-0 Svidler,P (2723)-Abdisalimov,A (2392) Titled Tuesday intern op 06th Oct blitz 2020 (4)}) 16. fxe5 Nxe5 17. Nd4 O-O 18. Nce2 Nh5 19. g4 hxg3 20. Qg1 Bh4 21. Nf4 Nxf4 22. Bxf4 Qa5 23. b3 Qc3 24. Ne2 Qc7 25. Rc1 Bc4 26. Qe3 Qa5 27. Nxg3 Bxd3 28. cxd3 Rc3 29. Bxe5 dxe5 30. Nf5 Rxc1+ 31. Rxc1 Bf6 32. Rc6 Rd8 33. Kb2 Qb4 34. a3 Qf8 35. Rxa6 b4 36. axb4 Qxb4 37. Rb6 Qa5 38. Rc6 Ra8 39. Qc1 Bg5 40. Qb1 Qa3+ 41. Kc2 Qb4 42. Rc3 g6 43. Ng3 Qd4 44. Nh1 Kg7 45. b4 Ra4 46. b5 Qa7 47. Rb3 Ra2+ 48. Rb2 Qc5+ 49. Kd1 Ra1 50. Qxa1 Qg1+ 51. Kc2 Qxa1 52. b6 Qxh1 53. b7 Qc1+ 54. Kb3 Qc7 55. Ka4 Qb8 0-1

[Event "45th Olympiad 2024"]
[Site "Budapest HUN"]
[Date "2024.09.16"]
[Round "6.58"]
[Board "2"]
[White "Lynch, Kemp"]
[Black "Chavez, Ricardo Ernesto"]
[Result "1-0"]
[WhiteElo "1944"]
[BlackElo "2185"]
[PlyCount "97"]
[EventDate "2024.09.11"]
[WhiteTeam "Barbados"]
[BlackTeam "El Salvador"]
[WhiteTeamCountry "BAR"]
[BlackTeamCountry "ESA"]

1. d4 Nf6 2. c4 c5 3. d5 e6 4. Nc3 exd5 5. cxd5 d6 6. e4 g6 7. Nf3 Bg7 8. Bf4 O-O 9. Be2 a6 10. a4 Qe7 11. Nd2 Nbd7 12. O-O Ne8 ({RR} 12... Rb8 13. Re1 Ne5 14. Be3 Ne8 15. f4 Nd7 16. Bf1 Nc7 17. a5 Nf6 18. h3 Rd8 19. Qf3 Nfe8 20. Nc4 Nb5 21. e5 Qc7 22. Rad1 Bf5 23. Qf2 Nd4 24. Bxd4 cxd4 25. Rxd4 h5 26. Na4 Bd7 27. Nab6 {1-0 Inarkiev,E (2664)-Vavulin,M (2442) RUS-chT blitz 2015 (4.14)}) 13. Re1 ({RR} 13. Bg3 f5 14. exf5 Rxf5 15. Bg4 Rf8 16. Be6+ Kh8 17. Nc4 Rb8 18. Ne4 Ne5 19. Nxe5 dxe5 20. Bxc8 Rxc8 21. d6 Qd7 22. Qd5 Rf5 23. Rfd1 b6 24. a5 Rc6 25. axb6 Rxb6 26. Qxc5 Rxb2 27. Rxa6 h6 {1-0 Chernobay,A (2490)-Gevorgyan,M (2219) Titled Tuesday intern op 06th Apr blitz 2021 (7)}) 13... Ne5 14. Nc4 $146 ({RR} 14. h3 Rb8 15. Bg3 g5 16. Nf1 Nc7 17. a5 b5 18. axb6 Rxb6 19. Na4 Rb4 20. Nxc5 Rd4 21. Nd3 Rxe4 22. Nxe5 Bxe5 23. Bf3 Rxe1 24. Qxe1 Nb5 25. Ra4 Re8 26. Rc4 Bd7 27. Bxe5 dxe5 28. Bh5 Rc8 {1-0 Pasalic,H-Cebalo,M YUG-chT 22nd 1970 (5.5)}) ({RR} 14. Bg3 g5 15. Nc4 Nxc4 16. Bxc4 Be5 17. Qd3 Bd7 18. a5 Nc7 19. Rab1 Rfc8 20. Ne2 Rab8 21. f4 gxf4 22. Nxf4 b5 23. axb6 Rxb6 24. Rf1 Qg5 25. b3 Rf8 26. Rbe1 f6 27. Kh1 Re8 28. Ne2 Re7 {1-0 Juhasz,B (2219)-Teglas,B (2021) HUN-chT2 Erkel 0607 2006 (7)}) 14... Rb8 15. a5 Bd7 16. Ra3 Nc7 17. Qd2 Rfe8 18. Rb3 f5 19. Rb6 Nxc4 20. Bxc4 Be5 21. Re2 Na8 22. Rb3 b5 23. axb6 Nxb6 24. Bxa6 Bxf4 25. Qxf4 g5 26. Qd2 f4 27. e5 dxe5 28. Ne4 Bf5 29. d6 Qf7 30. Nxc5 Kg7 31. h3 Qf6 32. Ne4 Bxe4 33. Rxe4 Red8 34. Rd3 Nd7 35. b4 Rb6 36. Bc4 Rdb8 37. Bb3 Ra8 38. Qc3 Raa6 39. b5 Rxb5 40. Qc7 Qf5 41. Ba4 Rb1+ 42. Kh2 Qxe4 43. Qxd7+ Kh6 44. Bc2 Rc1 45. Ra3 Rxc2 46. Rxa6 Rxf2 47. Qg4 Qg6 48. d7 Qxa6 49. d8=Q 1-0

[Event "45th Olympiad 2024"]
[Site "Budapest HUN"]
[Date "2024.09.16"]
[Round "6.58"]
[Board "3"]
[White "Arias, Daniel"]
[Black "Edwards, Emar"]
[Result "1-0"]
[WhiteElo "2213"]
[BlackElo "1898"]
[PlyCount "103"]
[EventDate "2024.09.11"]
[WhiteTeam "El Salvador"]
[BlackTeam "Barbados"]
[WhiteTeamCountry "ESA"]
[BlackTeamCountry "BAR"]

1. e4 c5 2. Nf3 d6 3. d4 cxd4 4. Nxd4 Nf6 5. Nc3 g6 6. Be3 Bg7 7. Be2 Nc6 8. Qd2 O-O 9. O-O-O d5 10. exd5 Nxd5 11. Nxd5 ({RR} 11. Nxc6 bxc6 12. Nxd5 cxd5 13. Qxd5 Qc7 14. Qxa8 Bf5 15. Qxf8+ Kxf8 16. Rd2 Qb8 17. b3 Bc3 18. Bh6+ Kg8 19. Rd5 Be4 20. Rc5 Bg7 21. Be3 Bxg2 22. Ba6 Bh3 23. c3 h5 24. Bc4 Bf6 25. Rg1 Kh7 {0-1 Shyam,S (2528)-Erigaisi,A (2660) BAN-chT Dhaka 2022 (10.6)}) ({RR} 11. Nxc6 bxc6 12. Nxd5 cxd5 13. Qxd5 Qc7 14. Qxa8 Bf5 15. Qxf8+ Kxf8 16. Bd3 Bg4 17. Rd2 h5 18. Bc4 Bxb2+ 19. Kxb2 Qxc4 20. Rd8+ Kg7 21. Rb8 Be6 22. Rd1 Qxa2+ 23. Kc1 Qa3+ 24. Rb2 a5 25. Rd3 Qa4 {0-1 Abdul,M (1811)-Abu Sufian,S (2199) Dhaka Int Open Jan 2024 (2.5)}) 11... Qxd5 12. Nxc6 Qxc6 13. Bf3 Qa4 $146 ({RR} 13... Qb5 14. Bd4 Bf5 15. Bxg7 Kxg7 16. Rhe1 Rac8 17. Be4 Rfd8 18. Qe2 Rxd1+ 19. Qxd1 Be6 20. Qd4+ f6 21. Bxb7 Rc7 22. Rxe6 Rxb7 23. c4 Qe8 24. Qxf6+ exf6 25. Rxe8 Kf7 26. Re3 {1-0 Haefele,T (1586)-Florio,A (1776) Stuttgart-chB int 2009 (4)}) ({RR} 13... Qb5 14. Bd4 Bxd4 15. Qxd4 Bf5 16. Qd5 Qa4 17. Qb3 Qf4+ 18. Qe3 Qxe3+ 19. fxe3 Rac8 20. c3 Rc7 21. Bd5 b5 22. e4 Bd7 23. Rd4 a5 24. a3 Kg7 25. Rf1 Bc8 26. Ba2 Ba6 27. Rfd1 Rfc8 28. Rd7 {½-½ Tasnia Tarannum,O (1375)-Israt,J (1459) Dhaka rapid (Women) op 2021 (6)}) 14. Bd5 Be6 15. Bxe6 fxe6 16. Kb1 Rac8 17. b3 Qa3 18. Bd4 Bxd4 19. Qxd4 Rxc2 20. Kxc2 Rxf2+ 21. Rd2 Qxa2+ 22. Kc3 Qa5+ 23. b4 Qa3+ 24. Kc4 b5+ 25. Kxb5 Rf5+ 26. Kc4 Rd5 27. Qc3 Qa4 28. Rxd5 Qa2+ 29. Qb3 exd5+ 30. Kc3 Qxg2 31. Rd1 e6 32. Qc2 Qf3+ 33. Kb2 Qf6+ 34. Qc3 Qf8 35. Rc1 Qf2+ 36. Rc2 Qb6 37. Qc8+ Kg7 38. Qc7+ Kf6 39. Qxb6 axb6 40. Rc6 b5 41. Kc3 g5 42. Kd4 h5 43. Rb6 g4 44. Rxb5 h4 45. Rb8 Kg7 46. Re8 g3 47. hxg3 Kf7 48. Rh8 hxg3 49. Rh3 g2 50. Rg3 g1=Q+ 51. Rxg1 Ke7 52. Ke5 1-0

[Event "45th Olympiad 2024"]
[Site "Budapest HUN"]
[Date "2024.09.16"]
[Round "6.58"]
[Board "4"]
[White "Depradine, Lawrence"]
[Black "Guevara Ruiz, Marvin Andres"]
[Result "0-1"]
[WhiteElo "1782"]
[BlackElo "2003"]
[PlyCount "38"]
[EventDate "2024.09.11"]
[WhiteTeam "Barbados"]
[BlackTeam "El Salvador"]
[WhiteTeamCountry "BAR"]
[BlackTeamCountry "ESA"]

1. c4 e6 2. Nf3 d5 3. e3 c5 4. d4 Nf6 5. Nc3 Nc6 6. a3 dxc4 7. Bxc4 a6 8. Bd3 cxd4 9. exd4 Be7 10. O-O O-O 11. Bc2 b5 12. Ne4 $146 ({RR} 12. Be3 Bb7 13. Qe2 Rc8 14. Rac1 Na5 15. Ne5 Nc4 16. Nxc4 bxc4 17. Bb1 Qd7 18. Ba2 Bd5 19. Bf4 Qb7 20. Nxd5 exd5 21. Rc3 Rfe8 22. Be5 Ne4 23. Re3 Bg5 24. f4 Bf6 25. Bxc4 dxc4 26. Rxe4 Bd8 {½-½ Bogoljubow,E-Fine,R Zandvoort 1936 (9)}) ({RR} 12. Qd3 Bb7 13. Re1 g6 14. Bh6 Re8 15. Rad1 Rc8 16. Bb1 b4 17. axb4 Nxb4 18. Qe2 Nbd5 19. Nxd5 Nxd5 20. Be4 Bb4 21. Rf1 Bd6 22. h4 f5 23. Bb1 Bf4 24. Bg5 Bxg5 25. hxg5 Nf4 26. Qe3 Bxf3 {½-½ Wojtaszek,R (2694)-Gajewski,G (2596) POL-ch 78th Bydgoszcz 2021 (2.2)}) ({RR} 12. Qd3 Bb7 13. Bg5 g6 14. Rfd1 b4 15. Na4 Nd5 16. Bh6 Re8 17. Nc5 Bxc5 18. dxc5 Qf6 19. Ba4 Qxb2 20. Rab1 Qc3 21. axb4 Qxd3 22. Rxd3 Red8 23. Bxc6 Bxc6 24. Nd4 Bb5 25. Nxb5 axb5 26. g3 f6 {0-1 Sivuk,V (2502)-Paravyan,D (2612) Chessable Masters Play-In 2024 (3)}) ({RR} 12. Qd3 Bb7 13. Bg5 g6 14. Rad1 b4 15. Na4 bxa3 16. bxa3 Na5 17. Nc5 Bc6 18. Rfe1 Bxc5 19. dxc5 Qxd3 20. Bxd3 Nd5 21. Rb1 Rfc8 22. Bd2 Nb7 23. Rec1 Ne7 24. Ne5 Ra7 25. Rb6 Bd5 26. c6 Nd6 {1-0 Donner,J-Van Scheltinga,T Hoogovens Wijk aan Zee 1969 (12)}) ({RR} 12. Qd3 Bb7 13. Re1 g6 14. Bb3 Rc8 15. Bh6 Re8 16. Ba2 b4 17. Ne2 Na5 18. Nf4 b3 19. Bxb3 Be4 20. Qd1 Nxb3 21. Qxb3 Bc2 22. Qa2 Ng4 23. Nxe6 Qb6 24. Ng7 Bb3 25. Qb1 Red8 26. Nf5 gxf5 {0-1 Najdorf,M-Polugaevsky,L Mar del Plata International-29 1971 (6)}) 12... Qc7 13. Qd3 g6 14. Bh6 Rd8 15. Rfe1 Bb7 16. Nxf6+ Bxf6 17. Rad1 Nxd4 18. Nxd4 Rxd4 19. Qe2 Rh4 0-1

[Event "45th Olympiad 2024"]
[Site "Budapest HUN"]
[Date "2024.09.16"]
[Round "6.59"]
[Board "1"]
[White "Njoroge, Martin"]
[Black "Eltigani, Omar"]
[Result "0-1"]
[WhiteElo "1972"]
[BlackElo "2241"]
[PlyCount "83"]
[EventDate "2024.09.11"]
[WhiteTeam "Kenya"]
[BlackTeam "Sudan"]
[WhiteTeamCountry "KEN"]
[BlackTeamCountry "SUD"]

1. e4 c5 2. Nf3 e6 3. d4 cxd4 4. Nxd4 a6 5. g3 Qb6 ({RR} 5... Ne7 6. Bg2 Nbc6 7. O-O Nxd4 8. Qxd4 Nc6 9. Qe3 Qc7 10. Nc3 Be7 11. Bd2 O-O 12. Na4 Bd8 13. f4 d6 14. Kh1 b5 15. Nc3 Bb7 16. Rac1 Bf6 17. e5 dxe5 18. f5 Nd4 19. fxe6 Bxg2+ 20. Kxg2 {1-0 Tan,M (2352)-Drenchev,P (2465) BEL-chT 0910 2009 (2)}) 6. Nb3 ({RR} 6. Nc3 Nc6 7. Nxc6 dxc6 8. Bg2 e5 9. O-O Nf6 10. h3 Be6 11. Qe2 Be7 12. Rb1 O-O 13. b3 Qc7 14. Bb2 Rad8 15. Rbd1 {½-½ Dittberner,M (1622)-Specht,B (1708) Muensterland Verbandsklasse 1617 2016 (5.6)}) 6... Nf6 7. Bg2 Nc6 8. Be3 $146 ({RR} 8. O-O Be7 9. Nc3 Qc7 10. f4 d6 11. f5 Ne5 12. fxe6 Bxe6 13. Nd5 Nxd5 14. exd5 Bg4 15. Qd2 Rc8 16. Nd4 O-O 17. h3 Bd7 18. Be4 Bxh3 19. Qh2 f5 20. Qxh3 fxe4 21. Be3 Nf3+ 22. Kh1 Rce8 {½-½ Polyansky,V (2079)-Kornilov,P (2152) Voronezh Winter op 2nd 2007 (3)}) 8... Qc7 9. a4 Ne5 10. Bf4 d6 11. N1d2 b6 12. O-O Bb7 13. Qe2 Be7 14. c4 Bc6 15. Rfc1 O-O 16. a5 bxa5 17. Nxa5 Bd7 18. h3 Rfc8 19. c5 Bb5 20. Qe3 dxc5 21. b4 Nfd7 22. bxc5 Bxc5 23. Qb3 Qa7 24. Be3 Nd3 25. Rxc5 N7xc5 26. Qa3 Qc7 27. Nac4 Rab8 28. e5 Bxc4 29. Nxc4 Nb3 30. Nd6 Nxa1 31. Nxc8 Rxc8 32. Qxd3 Nc2 33. Bf4 a5 34. Be4 h6 35. Qd2 Nb4 36. Qe2 Qc4 37. Qf3 Qc3 38. Qg4 Qe1+ 39. Kh2 Qxf2+ 40. Bg2 Rc2 41. Qxg7+ Kxg7 42. Bxh6+ 0-1

[Event "45th Olympiad 2024"]
[Site "Budapest HUN"]
[Date "2024.09.16"]
[Round "6.59"]
[Board "2"]
[White "Nader Obeid"]
[Black "Kanegeni, Matthew Kamau"]
[Result "1-0"]
[WhiteElo "2083"]
[BlackElo "1976"]
[PlyCount "67"]
[EventDate "2024.09.11"]
[WhiteTeam "Sudan"]
[BlackTeam "Kenya"]
[WhiteTeamCountry "SUD"]
[BlackTeamCountry "KEN"]

1. d4 Nf6 2. Bf4 c5 3. e3 Qb6 4. Na3 d6 5. Nc4 Qc7 6. c3 ({RR} 6. Nf3 Nh5 7. Bg3 Nxg3 8. hxg3 g6 9. a4 Bg7 10. d5 b6 11. c3 Nd7 12. e4 O-O 13. Bd3 Bb7 14. O-O Rae8 15. Ne3 a6 16. Re1 Nf6 17. Qb3 Rb8 18. Qc2 Rfe8 19. Nd2 h5 20. Nf3 Bc8 {0-1 Kamsky,G (2663)-Wei Yi (2722) Titled Tue 21st Mar Early 2023 (11)}) 6... Nbd7 $146 ({RR} 6... g6 7. Nf3 Bg7 8. h3 O-O 9. a4 b6 10. Be2 Bb7 11. O-O Nc6 12. a5 cxd4 13. exd4 b5 14. a6 bxc4 15. axb7 Qxb7 16. Bxc4 Qxb2 17. Qa4 Qb6 18. Rfb1 Qc7 19. Bb5 Rfc8 20. Bxc6 Qxc6 21. Qxc6 {1-0 Sourath,B (2302)-Makarian,R (2497) Titled Tuesday intern op 06th Sep Late blitz 2022 (2)}) ({RR} 6... g6 7. Nf3 Bg7 8. h3 O-O 9. Be2 b5 10. Ncd2 a6 11. O-O Bb7 12. a4 b4 13. Bh2 bxc3 14. bxc3 Nd5 15. Qc2 cxd4 16. exd4 Nxc3 17. Bd3 Ne2+ 18. Kh1 Qxc2 19. Bxc2 Nc6 20. Rab1 Rab8 21. d5 {1-0 Exposito Milan,A (2246)-Petesch,G (2329) Titled Tue 27th Aug Early 2024 (7)}) ({RR} 6... g6 7. h4 h5 8. Nf3 Bg7 9. dxc5 Qxc5 10. Qd4 Qxd4 11. cxd4 Nc6 12. Rc1 Be6 13. Ng5 Bd5 14. f3 O-O 15. a3 Rac8 16. e4 Bxc4 17. Rxc4 Nd7 18. d5 Na5 19. Rb4 Rc2 20. Bb5 Nc5 21. O-O {0-1 Liu,C (2278)-Makarian,R (2545) Titled Tue 30th May Early 2023 (1)}) ({RR} 6... Be6 7. Nd2 g6 8. Ngf3 Bg7 9. Be2 Nh5 10. Bg3 Nxg3 11. hxg3 h6 12. O-O Nd7 13. Ne1 O-O 14. Nd3 Nf6 15. Bf3 Rad8 16. Re1 Bc8 17. Qe2 e5 18. dxe5 dxe5 19. Red1 b6 20. e4 Nh7 21. Nc4 {1-0 Gjestemoen Vonhirsch,A (2236)-Chatalbashev,B (2529) Norway Chess op-A 2022 (1)}) 7. Nf3 b5 8. Ncd2 Rb8 9. h3 g6 10. a4 a6 11. axb5 axb5 12. Qb3 c4 13. Qc2 Bg7 14. Be2 O-O 15. O-O Bb7 16. e4 Rfe8 17. d5 Nc5 18. Nd4 Ba8 19. Rxa8 Rxa8 20. Nxb5 Qd7 21. Bxc4 Reb8 22. Nd4 Qa4 23. b3 Qa2 24. Qxa2 Rxa2 25. b4 Rxd2 26. Bxd2 Nfxe4 27. Be3 Na4 28. Nc6 Rb7 29. Ba6 Rd7 30. c4 Nec3 31. b5 Ne4 32. b6 Nec5 33. Bxc5 Nxc5 34. Bc8 1-0

[Event "45th Olympiad 2024"]
[Site "Budapest HUN"]
[Date "2024.09.16"]
[Round "6.59"]
[Board "3"]
[White "Oluka Robert Mcligeyo"]
[Black "Hamid Ibrahim"]
[Result "1-0"]
[WhiteElo "1990"]
[BlackElo "2090"]
[PlyCount "173"]
[EventDate "2024.09.11"]
[WhiteTeam "Kenya"]
[BlackTeam "Sudan"]
[WhiteTeamCountry "KEN"]
[BlackTeamCountry "SUD"]

1. e4 b6 2. d4 Bb7 3. Bd3 Nf6 4. Nc3 e6 5. a3 Be7 6. Nf3 d5 7. e5 Nfd7 8. Ne2 ({RR} 8. O-O c5 9. dxc5 bxc5 10. b3 Nc6 11. Re1 O-O 12. Bb2 a6 13. Ne2 Qb6 14. Rb1 Rac8 15. Ng3 Rfd8 16. Qe2 Nf8 17. h4 Na5 18. Nf1 c4 19. bxc4 Nxc4 20. Bd4 Qc6 21. Bxc4 dxc4 22. c3 Bxa3 {1-0 Bubnova,U (1888)-Shubenkova,V (2024) Swiss Queens Wed #31 2024 (1.235)}) 8... c5 9. c3 Nc6 ({RR} 9... Ba6 10. Nf4 Qc8 11. O-O Bxd3 12. Qxd3 Qa6 13. Qd1 Nc6 14. Be3 Na5 15. Nd2 g6 16. b4 Nc4 17. Qe2 cxd4 18. Bxd4 Rc8 19. Nxd5 exd5 20. e6 Nf6 21. exf7+ Kf8 22. Qe6 Nh5 23. Rfe1 Qb7 24. Nxc4 {1-0 Ehlvest,J (2599)-Blatny,P (2452) New York Masters 88th rapid 2004 (4)}) 10. O-O Qc7 $146 ({RR} 10... c4 11. Bc2 b5 12. Bf4 a5 13. Qd2 b4 14. Ba4 b3 15. Ng3 h6 16. h3 Qc7 17. Rfe1 O-O-O 18. Rac1 Rdg8 19. Nf1 g5 20. Bg3 Nf8 21. Ne3 h5 22. Re2 Qd8 23. Rce1 Ng6 24. Nf1 Rg7 25. Ne3 {0-1 Burgerhoff,T-Rikumahu,F Vlissingen HZ op 03rd 1999 (6)}) ({RR} 10... Rc8 11. Re1 a6 12. Ng3 g6 13. Qe2 b5 14. Bh6 Qb6 15. Qe3 Na5 16. Bg7 Rg8 17. Qh6 Bf8 18. Bxf8 Nxf8 19. Qf4 Nb3 20. Rad1 cxd4 21. cxd4 Nd7 22. Ng5 Rg7 23. Qh4 h5 24. Ne2 Qd8 25. Qf4 {½-½ Dhar Barua,S (2045)-Villegas,S (2030) Wch U20 Girls 10th 1992 (3)}) ({RR} 10... a5 11. a4 Ba6 12. Bxa6 Rxa6 13. Qd3 Qc8 14. Bf4 c4 15. Qc2 Na7 16. Nd2 b5 17. axb5 Nxb5 18. Ra2 Nb6 19. Rfa1 a4 20. Be3 O-O 21. f4 Qc6 22. Ng3 Rfa8 23. f5 a3 24. fxe6 fxe6 25. Rf1 {0-1 Oberhofer,M (1606)-Wagner,R (1993) Bayernliga U20 1415 2014 (5.5)}) 11. Bc2 a6 12. Be3 c4 13. a4 h6 14. Nd2 g6 15. f4 Kf8 16. Kh1 h5 17. Nf3 Kg7 18. Ng5 Nf8 19. Qb1 Rb8 20. h4 Bc8 21. Ng1 b5 22. N1h3 b4 23. Qe1 Bd7 24. Qg3 bxc3 25. bxc3 Rb2 26. Rf2 Bxg5 27. Nxg5 Ne7 28. Bxg6 Nfxg6 29. Rxb2 Nf5 30. Qf2 Ngxh4 31. g3 Nxe3 32. Qxe3 Nf5 33. Qf3 f6 34. exf6+ Kxf6 35. Rab1 Bc8 36. Kg2 Qd7 37. Qe2 Qc7 38. Rb6 Re8 39. Qxh5 Rg8 40. Qe2 Re8 41. Rb8 Kg6 42. R1b7 Qxb7 43. Rxb7 Bxb7 44. g4 Nd6 45. Qe5 Ne4 46. Nxe6 Kf7 47. f5 Rg8 48. Qc7+ Kf6 49. Qxb7 Rxg4+ 50. Kf1 Nxc3 51. Nc7 Rxd4 52. Qb6+ Ke5 53. Qe6+ Kf4 54. Qh6+ Ke4 55. Qh4+ Ke5 56. Qg3+ Rf4+ 57. Qxf4+ Kxf4 58. f6 d4 59. f7 d3 60. f8=Q+ Ke3 61. Qf2+ Ke4 62. Qe1+ Ne2 63. Nxa6 Kd4 64. Nc7 c3 65. Nb5+ Kc4 66. Qh4+ Kb3 67. Nd4+ Nxd4 68. Qxd4 Kc2 69. Qe4 Kd2 70. Kf2 Kc1 71. Qxd3 c2 72. Qxc2+ Kxc2 73. a5 Kd3 74. a6 Kd4 75. a7 Ke4 76. a8=Q+ Kd4 77. Qc6 Ke5 78. Qc4 Kf5 79. Qd4 Kg5 80. Qe4 Kf6 81. Qd5 Kg6 82. Qe5 Kh6 83. Qg3 Kh5 84. Kf3 Kh6 85. Kf4 Kh7 86. Kf5 Kh8 87. Kf6 1-0

[Event "45th Olympiad 2024"]
[Site "Budapest HUN"]
[Date "2024.09.16"]
[Round "6.59"]
[Board "4"]
[White "Eltag, Siddig"]
[Black "Wanasunia, Elvis Likoko"]
[Result "1-0"]
[WhiteElo "2138"]
[BlackElo "1942"]
[PlyCount "87"]
[EventDate "2024.09.11"]
[WhiteTeam "Sudan"]
[BlackTeam "Kenya"]
[WhiteTeamCountry "SUD"]
[BlackTeamCountry "KEN"]

1. d4 d5 2. c4 e6 3. Nf3 Nf6 4. e3 Be7 5. Bd3 O-O 6. Nc3 a6 7. e4 ({RR} 7. a4 c5 8. O-O cxd4 9. exd4 Nc6 10. Re1 Nb4 11. Qe2 Bd7 12. Ne5 Rc8 13. Be3 Bc6 14. Nxc6 Rxc6 15. Rad1 Qd7 16. Bb1 Rfc8 17. h4 g6 18. h5 Kg7 19. Qg4 Qd8 20. Bd2 Qb6 21. g3 Rxc4 {0-1 Boudiba,M (2384)-Meier,G (2663) FRA-ch blitz 2010 (3)}) 7... dxe4 ({RR} 7... dxc4 8. Bxc4 c5 9. O-O b5 10. Bb3 cxd4 11. Nxd4 b4 12. Na4 Nxe4 13. Be3 Bb7 14. Qc2 Qa5 15. Rac1 Bf6 16. Rfd1 h6 17. f3 Ng5 18. Nc5 Bd5 19. h4 Nh7 20. Bxd5 exd5 21. Qb3 Rd8 22. Nb7 {1-0 D'Arruda,R (2271)-Kornyukov,A (2452) Titled Tue 27th Feb Late 2024 (5)}) 8. Nxe4 Nxe4 9. Bxe4 Nd7 $146 ({RR} 9... c6 10. O-O Nd7 11. Qc2 Nf6 12. Bd3 Re8 13. Re1 h6 14. Re3 Bd6 15. Ne5 Bxe5 16. dxe5 Ng4 17. Rg3 Qd4 18. h3 Nxf2 19. Qxf2 Qxf2+ 20. Kxf2 Kh8 21. b3 c5 22. Bb2 b5 23. Rf1 Bb7 24. Kg1 {1-0 Pearce,T (1365)-Baker,J (1181) AUS-ch Minor 2013 (9)}) 10. O-O Nf6 11. Bc2 h6 12. Qd3 c5 13. Be3 Qc7 14. Ne5 cxd4 15. Ng4 Rd8 16. Bxd4 Kf8 17. Nxf6 Bxf6 18. Qa3+ Be7 19. Qc3 f6 20. c5 e5 21. Be3 g5 22. Bb3 Kg7 23. Qc4 Bf5 24. Qf7+ Kh8 25. Rfd1 Rf8 26. Qc4 Bg6 27. h4 Kg7 28. Rd2 Bf7 29. Qg4 f5 30. Qxf5 Be8 31. Qe4 Bg6 32. Qc4 gxh4 33. Rad1 Bf5 34. Bc2 b5 35. Qb3 Bxc2 36. Qxc2 Qc6 37. Rd6 Bxd6 38. Rxd6 Qe8 39. Bxh6+ Kg8 40. Bxf8 Kxf8 41. Qf5+ Qf7 42. Rf6 Ra7 43. c6 h3 44. Rxf7+ 1-0

[Event "45th Olympiad 2024"]
[Site "Budapest HUN"]
[Date "2024.09.16"]
[Round "6.60"]
[Board "1"]
[White "Ahmad, Al Khatib"]
[Black "Pereira, Sergio"]
[Result "1-0"]
[WhiteElo "2302"]
[BlackElo "1988"]
[PlyCount "85"]
[EventDate "2024.09.11"]
[WhiteTeam "Jordan"]
[BlackTeam "Sao Tome and Principe"]
[WhiteTeamCountry "JOR"]
[BlackTeamCountry "SAO"]

1. d4 Nf6 2. Nf3 d5 3. c4 e6 4. cxd5 exd5 5. Qc2 g6 6. Bg5 Be7 7. Nc3 c6 8. e3 Bf5 9. Bd3 Bxd3 10. Qxd3 Nbd7 11. Bh6 Bf8 12. Bf4 Be7 13. h3 Nf8 ({RR} 13... O-O 14. O-O Re8 15. Rac1 Bf8 16. Qc2 Ne4 17. Nxe4 Rxe4 18. Rfd1 Re8 19. Ne1 a5 20. a4 Qb6 21. Bg5 {½-½ Ferreira,J (2525)-Wagner,D (2589) Bundesliga 2023-24 (5.5)}) 14. O-O Ne6 15. Bh2 O-O 16. Rab1 $146 ({RR} 16. Ne5 Ng7 17. Rab1 a5 18. Na4 Nf5 19. f3 Ne8 20. Rbd1 f6 21. Ng4 h5 22. Nf2 Bd6 23. e4 Bxh2+ 24. Kxh2 Qd6+ 25. Kg1 Ne7 26. Rfe1 Ng7 27. Re2 Ne6 28. Qe3 Rae8 29. Nc3 Qf4 30. Qd3 Qg3 {½-½ Gellrich,P (2230)-Van Linde,P (2156) Oberliga Nord W 0203 2002 (8.4)}) 16... Ne8 17. b4 b5 18. a4 a6 19. e4 dxe4 20. Nxe4 bxa4 21. Ne5 Qxd4 22. Qe2 Qb6 23. Nd7 Qb5 24. Qb2 Qf5 25. Ng3 Qb5 26. Ne4 Qf5 27. Qe5 Qxe5 28. Bxe5 f6 29. Nxf8 Kxf8 30. Ba1 Nf4 31. Kh2 Nd5 32. Nc5 a3 33. Rfc1 Bd6+ 34. g3 Kf7 35. Nd3 a5 36. bxa5 Ra6 37. Rb7+ Be7 38. Bd4 a2 39. Ra7 Nec7 40. Rxa6 Nxa6 41. Rxc6 Bc5 42. Nxc5 Nxc5 43. Rxc5 1-0

[Event "45th Olympiad 2024"]
[Site "Budapest HUN"]
[Date "2024.09.16"]
[Round "6.60"]
[Board "2"]
[White "Espirito Santo, Waldyr"]
[Black "Loay, Sameer"]
[Result "0-1"]
[WhiteElo "1926"]
[BlackElo "2194"]
[PlyCount "110"]
[EventDate "2024.09.11"]
[WhiteTeam "Sao Tome and Principe"]
[BlackTeam "Jordan"]
[WhiteTeamCountry "SAO"]
[BlackTeamCountry "JOR"]

1. e4 c5 2. c3 Nf6 3. e5 Nd5 4. d4 cxd4 5. Nf3 Nc6 6. cxd4 d6 7. Bc4 Nb6 8. Bb5 dxe5 9. Nxe5 Bd7 10. Nxd7 Qxd7 11. Be3 ({RR} 11. O-O Rd8 12. Nc3 a6 13. Bxc6 Qxc6 14. Be3 e6 15. Rc1 Nd5 16. Bg5 f6 17. Be3 Be7 18. Qh5+ g6 19. Qh6 Kf7 20. Nxd5 Qxd5 21. Rc7 Rd7 22. Rxd7 Qxd7 23. Rc1 Bf8 24. Qh3 Be7 25. Qh6 Bf8 {½-½ Vajda,L (2564)-Miroshnichenko,E (2651) ROM-chT Predeal 2007 (1)}) 11... Nd5 ({RR} 11... e6 12. O-O a6 13. Be2 Nd5 14. Nc3 Nxe3 15. fxe3 Rd8 16. Rc1 Be7 17. Bf3 O-O 18. Qa4 Bg5 19. Rce1 Rc8 20. Be4 Qd6 21. Qd1 g6 22. Bb1 f5 23. Bc2 Kg7 24. Qf3 b5 25. Re2 Bf6 26. Rd1 {½-½ Gulsoy,M (2021)-Yarar,M (1851) TCh-TUR 2nd League 2024 (8.1)}) 12. Nc3 e6 13. O-O a6 $146 ({RR} 13... Nxe3 14. fxe3 Be7 15. Qh5 O-O 16. Rf3 g6 17. Qh6 f5 18. Rd1 a6 19. Ba4 b5 20. Bc2 Nb4 21. Bb1 Nd5 22. Nxd5 Qxd5 23. Rff1 Rac8 24. Qf4 Bd6 25. Qf2 e5 26. a3 exd4 27. exd4 Rfe8 28. b4 {½-½ Neubauer,A (1926)-Kappes,D (2004) Pfalz op 03rd 2012 (3)}) 14. Bd3 Be7 15. Qg4 g6 16. Rad1 O-O 17. Bh6 Rfd8 18. Bc4 Nf6 19. Qh3 Nxd4 20. Rfe1 Qc6 21. Bf1 Rd7 22. Rd3 Rad8 23. Red1 e5 24. Kh1 b5 25. Ne2 Nxe2 26. Rxd7 Rxd7 27. Rxd7 Qxd7 28. Qxd7 Nxd7 29. Bxe2 Nc5 30. Be3 Na4 31. Bc1 Bc5 32. f3 Bd4 33. Bd1 Nc5 34. Bc2 a5 35. g3 f6 36. Kg2 Kf7 37. Kf1 Ke6 38. Ke2 f5 39. b3 Kd5 40. h3 e4 41. g4 b4 42. a3 a4 43. fxe4+ fxe4 44. axb4 Nxb3 45. Ba3 Bf6 46. Bd1 Nd4+ 47. Kf2 Nb5 48. Bc1 Bh4+ 49. Kf1 Nc3 50. Bc2 Kc4 51. Bb2 a3 52. Bxa3 e3 53. Bd1 Nxd1 54. Ke2 Kd4 55. Kxd1 Kd3 0-1